Statistics for Greek Mythology

Click here to take the quiz!

General Stats

  • This quiz has been taken 163 times
  • The average score is 5 of 6

Answer Stats

QuestionAnswer% Correct
Who is the king of the gods?Zeus
100%
Who held up the earthAtlas
99%
Who could turn people to stoneMedusa
99%
Who is Pan?God of nature and panic
81%
Who slew the minotaur?Theseus
77%
Who is the Titan of the North?Coeus
35%

Score Distribution

Percentile by Number Answered

Percent of People with Each Score

Your Score History

You have not taken this quiz